000 01055nam a22003497a 4500
001 BR0603048
003 BR-BrBNA
005 20230928102219.0
007 ta
008 230509b bl.||||| |||| 00| 0 por d
040 _aBR-BrBNA
_bpor
_cBiblioteca Nacional de Agricultura
041 _a(Por)
072 _aQ55; L51
_b5212
_b9416
090 _ 5212 BR0603048
100 1 _aDavid, F.M.
110 1 _aUniversidade Federal de Lavras, MG (Brasil)
_0Tese (Doutorado)
245 1 _aDiferentes quantidades de soro de leite na alimentação de vacas secas
260 3 _aLavras, MG (Brasil):
_c2006.
300 _a136 p.
500 _aSummaries (Eng, Por); Several bibliography; 42 tables; 35 illus.
650 _aBOVINO
650 _aRUMINANTE
650 _aNUTRIÇÃO ANIMAL
650 _aSORO DE LEITE
650 _aSUPLEMENTO PROTEÍCO
650 _aCOMPOSIÇÃO QUÍMICA
650 _aFISIOLOGIA NUTRICIONAL
650 _aAPARELHO DIGESTIVO
650 _aANÁLISE ESTATÍSTICA
909 _a202309
_bLucia
_c55
_dLucia Elande
942 _cBK
999 _c69683
_d69683